The Constitution of Lesotho. (Record no. 3480)

MARC details
000 -LEADER
fixed length control field 00730cam a2200253 a 4500
001 - CONTROL NUMBER
control field 1122631
003 - CONTROL NUMBER IDENTIFIER
control field OSt
005 - DATE AND TIME OF LATEST TRANSACTION
control field 20230703155834.0
008 - FIXED-LENGTH DATA ELEMENTS--GENERAL INFORMATION
fixed length control field 931020s1993 lo l 000 0 eng
010 ## - LIBRARY OF CONGRESS CONTROL NUMBER
LC control number 93982495
020 ## - INTERNATIONAL STANDARD BOOK NUMBER
Terms of availability 16.00 Maluti
040 ## - CATALOGING SOURCE
Original cataloging agency DLC
Transcribing agency DLC
043 ## - GEOGRAPHIC AREA CODE
Geographic area code f-lo---
082 00 - DEWEY DECIMAL CLASSIFICATION NUMBER
Classification number 342.688
Item number LES
110 1# - MAIN ENTRY--CORPORATE NAME
Corporate name or jurisdiction name as entry element Lesotho.
240 10 - UNIFORM TITLE
Uniform title Constitution
245 14 - TITLE STATEMENT
Title The Constitution of Lesotho.
260 ## - PUBLICATION, DISTRIBUTION, ETC. (IMPRINT)
Place of publication, distribution, etc. Maseru, Lesotho :
Name of publisher, distributor, etc. Govt. Printer,
Date of publication, distribution, etc. [1993]
300 ## - PHYSICAL DESCRIPTION
Extent 508 p. ;
Dimensions 25 cm.
650 #0 - SUBJECT ADDED ENTRY--TOPICAL TERM
Topical term or geographic name as entry element Constitutional law
Geographic subdivision Lesotho.
906 ## - LOCAL DATA ELEMENT F, LDF (RLIN)
a 7
b cbc
c orignew
d 2
e ncip
f 19
g y-gencatlg
942 ## - ADDED ENTRY ELEMENTS (KOHA)
Source of classification or shelving scheme Dewey Decimal Classification
Koha item type Books
Holdings
Withdrawn status Lost status Source of classification or shelving scheme Damaged status Not for loan Home library Current library Date acquired Total Checkouts Full call number Barcode Date last seen Price effective from Koha item type
    Dewey Decimal Classification     County Hall Archives County Hall Archives 07/03/2023   342.688 LES 10013432 07/03/2023 07/03/2023 Books
LIBRARY OPENING HOURS

When the Parliament is sitting: 8.00a.m - 7.00p.m or until the house adjourns
Mondays and Fridays and when the House is on Recess:  8.00a.m - 5.00p.m
Closed on Weekends and Public Holidays

Online Public Access Catalog (OPAC)
Website: http://www.parliament.go.ke
Bunge Library: https://libraryir.parliament.go.ke
Contact: library@parliament.go.ke | Tel no: (254-2)2221291 or 2848000 Ext 5043